000 00493nam a2200205Ia 4500
003 OSt
005 20220928135825.0
006 a|||||r|||| 00| 0
007 ta
008 220927b |||||||| |||| 00| 0 eng d
024 _a5063
037 _cTextual
040 _aSDCL
_cSDCL
_beng
041 _2eng
_aeng
082 _aA0aY, N3
100 _aRoy R.n
_9492896
245 0 _aVighyan, samaj aur sanskriti
942 _hA0aY, N3
_cTEXL
_2CC
999 _c808597
_d808597